000 00263nam a2200097Ia 4500
001 1253574
005 20251031150956.0
008 251031s9999 xx 000 0 und d
245 0 _cNAZAN VARLI
_aY-7 BİR DÜNYA GEZGİNİ İBNİ BATTUTA
260 _bERDEM YAYINLARI
999 _c1253574
_d1253574